000 00536nam a22001697a 4500
005 20170912105143.0
008 170908b xxu||||| |||| 00| 0 eng d
020 _a9781860583063
040 _cPK-LaUMT
082 _a621.042
_bREN-
245 _aRenewable energy storage :
_bits role in renewable and future electricity markets /
_corganized by IMechE
260 _aLondon :
_bProfessional Engineering Publishing,
_c2000
300 _a54 p.
500 _aIMechE seminar publication
650 _aRenewable energy sources
942 _cBK
999 _c97978
_d97978